Australian Slang - Statistics

General Stats
  • This quiz has been taken 303 times
  • The average score is 7 of 15
Answer Stats
Hint Answer % Correct
Hello G'day
95%
Friend Mate
93%
woman sheila
74%
pick up truck/ small truck ute
61%
coffee or tea cuppa
57%
Australian soldier digger
49%
very far away/middle of know where woop woop
43%
True, genuine Fair dinkum, true blue
42%
alcohol grog, piss, turps,
40%
alot, plenty heaps
39%
Australia down under
28%
large male kangaroo boomer
17%
vomit chunder
16%
flat out like a lizard drinking busy
15%
Another word for friend Cobber
9%
No matching quizzes found
Score Distribution
Percent of People with Each Score
Percentile by Number Answered
Your Score History
You have not taken this quiz